[Event "Guillermo Garcia Memorial op 28th"]
[Site "Santa Clara"]
[Date "2019.04.23"]
[Round "1"]
[White "Lopez Gonzalez, Abel Fabian"]
[Black "Bueno Gauna, Christian Alejandro"]
[Result "1-0"]
[WhiteElo "2347"]
[BlackElo "2067"]
[PlyCount "97"]
[EventDate "2019.04.23"]
[EventType "swiss"]
[EventRounds "9"]
[EventCountry "CUB"]
[SourceTitle "EXT 2020"]
[Source "ChessBase"]
[SourceDate "2019.10.17"]
[SourceVersion "1"]
[SourceVersionDate "2019.10.17"]
[SourceQuality "1"]

1. e4 c5 2. Nf3 d6 3. d4 cxd4 4. Nxd4 Nf6 5. Nc3 a6 6. f3 e5 7. Nb3 Be6 8. Be3 Be7 9. Qd2 0-0 10. 0-0-0 Qc7 11. Kb1 Rc8 12. Qf2 Nbd7 13. g4 b5 14. g5 Nh5 15. Rg1 b4 16. Nd5 Bxd5 17. exd5 a5 18. Bh3 a4 19. Nc1 a3 20. b3 Nf4 21. Bxf4 exf4 22. Nd3 g6 23. Nxb4 Bf8 24. Nc6 Re8 25. Bxd7 Qxd7 26. Qh4 Rec8 27. Qxf4 Rxc6 28. dxc6 Qxc6 29. c4 Qc5 30. Qd4 Qf5+ 31. Qe4 Qa5 32. Rd3 Rb8 33. h4 Qa7 34. Qe3 Qc7 35. Rd4 d5 36. Rxd5 Qxc4 37. Rd8 Qc7 38. Rxb8 Qxb8 39. Qd2 Bb4 40. Qc2 Qe5 41. Rd1 Bf8 42. Qd2 h5 43. gxh6 Bxh6 44. Qd8+ Kh7 45. Qd4 Qe2 46. h5 Bg7 47. hxg6+ fxg6 48. Qh4+ Kg8 49. Qc4+ 1-0

[Event "Maria Teresa Mora Memorial op"]
[Site "Havana"]
[Date "2018.03.08"]
[Round "2"]
[White "Bueno Gauna, Christian Alejandro"]
[Black "Pompa Vega, Dannier De Jesus"]
[Result "1/2-1/2"]
[WhiteElo "2069"]
[BlackElo "1903"]
[PlyCount "32"]
[EventDate "2018.03.08"]
[EventType "swiss"]
[EventRounds "9"]
[EventCountry "CUB"]
[SourceTitle "EXT 2021"]
[Source "ChessBase"]
[SourceDate "2020.10.23"]
[SourceVersion "1"]
[SourceVersionDate "2020.10.23"]
[SourceQuality "1"]

1. b3 e6 2. Bb2 d5 3. d4 Nf6 4. Nf3 c5 5. e3 Nc6 6. Nbd2 Qc7 7. Be2 cxd4 8. exd4 Bd6 9. 0-0 0-0 10. Re1 Ne4 11. c4 Bb4 12. a3 Nc3 13. Qc2 Nxe2+ 14. Rxe2 Bd6 15. Nf1 f6 16. Ne3 Ne7 1/2-1/2

[Event "Maria Teresa Mora Memorial op"]
[Site "Havana"]
[Date "2018.??.??"]
[Round "7"]
[White "Martin Campos, Beatriz Josefa"]
[Black "Bueno Gauna, Christian Alejandro"]
[Result "0-1"]
[WhiteElo "1877"]
[BlackElo "2069"]
[PlyCount "62"]
[EventDate "2018.03.08"]
[EventType "swiss"]
[EventRounds "9"]
[EventCountry "CUB"]
[SourceTitle "EXT 2021"]
[Source "ChessBase"]
[SourceDate "2020.10.23"]
[SourceVersion "1"]
[SourceVersionDate "2020.10.23"]
[SourceQuality "1"]

1. e4 c5 2. Nf3 d6 3. c3 Nf6 4. Be2 e6 5. d3 Be7 6. 0-0 Nc6 7. Be3 0-0 8. Qc2 Bd7 9. Nbd2 Rc8 10. Rad1 b5 11. d4 cxd4 12. Nxd4 Nxd4 13. Bxd4 Qc7 14. f4 e5 15. fxe5 dxe5 16. Bf2 Ng4 17. Bxg4 Bxg4 18. Nf3 Be6 19. a3 a5 20. Rfe1 a4 21. Qb1 Bb3 22. Rd2 Rcd8 23. Qc1 f6 24. Rxd8 Rxd8 25. Qe3 Rd7 26. Nd2 Be6 27. Qe2 Qd8 28. Be3 Rd3 29. Kf2 Bc5 30. Bd4 Bxd4+ 31. cxd4 Qxd4+ 0-1

[Event "Pan American-ch U20"]
[Site "Asuncion"]
[Date "2014.06.27"]
[Round "8"]
[White "Mendoza, Rodrigo"]
[Black "Bueno Gauna, Christian Alejandro"]
[Result "1/2-1/2"]
[WhiteElo "2155"]
[BlackElo "2052"]
[PlyCount "63"]
[EventDate "2014.06.21"]
[EventType "swiss"]
[EventRounds "9"]
[EventCountry "PAR"]
[SourceTitle "CBM 161 Extra"]
[Source "ChessBase"]
[SourceDate "2014.08.29"]
[SourceVersion "1"]
[SourceVersionDate "2014.08.29"]
[SourceQuality "1"]

1. Nf3 c5 2. c4 Nc6 3. g3 g6 4. Nc3 Bg7 5. Bg2 e6 6. 0-0 Nge7 7. d3 d6 8. a3 0-0 9. Bd2 b6 10. Rb1 Bb7 11. b4 Qd7 12. Qc1 Nd4 13. Nxd4 cxd4 14. Na2 Bxg2 15. Kxg2 d5 16. b5 Rfc8 17. Qc2 dxc4 18. dxc4 Qd5+ 19. Kg1 Rxc4 20. Qd3 e5 21. Nb4 Qe6 22. Rfc1 Rac8 23. Rxc4 Rxc4 24. Qe4 Qc8 25. Qf3 h6 26. Ra1 f5 27. Nc6 Qd7 28. Qb3 Qe6 29. Nxe7+ Kf7 30. Bb4 Rc1+ 31. Rxc1 Qxb3 32. Rc7 1/2-1/2

[Event "Pan American-ch U20"]
[Site "Asuncion"]
[Date "2014.06.22"]
[Round "2"]
[White "Blandon Villa, Diego F"]
[Black "Bueno Gauna, Christian Alejandro"]
[Result "1-0"]
[WhiteElo "2220"]
[BlackElo "2052"]
[PlyCount "87"]
[EventDate "2014.06.21"]
[EventType "swiss"]
[EventRounds "9"]
[EventCountry "PAR"]
[SourceTitle "CBM 161 Extra"]
[Source "ChessBase"]
[SourceDate "2014.08.29"]
[SourceVersion "1"]
[SourceVersionDate "2014.08.29"]
[SourceQuality "1"]

1. e4 c5 2. Nf3 d6 3. d4 cxd4 4. Nxd4 Nf6 5. Nc3 a6 6. f3 e5 7. Nb3 Be6 8. Be3 h5 9. Nd5 Nxd5 10. exd5 Bf5 11. Qd2 Be7 12. Be2 Nd7 13. a4 Qc7 14. Rc1 b6 15. 0-0 Nf6 16. Rfd1 0-0 17. a5 bxa5 18. Nxa5 Rfc8 19. Nc4 Rab8 20. Ra1 Rb5 21. Rxa6 Rxd5 22. Qe1 Rxd1 23. Qxd1 Bf8 24. Bb6 Qc6 25. c3 Qd5 26. Qxd5 Nxd5 27. Bf2 Nf4 28. Bf1 Nd3 29. Nxd6 Bxd6 30. Bxd3 Bxd3 31. Rxd6 Bc4 32. Be3 Ra8 33. Kf2 Ra2 34. Rb6 f5 35. f4 e4 36. Bd4 h4 37. Rb8+ Kf7 38. Rb7+ Ke6 39. Bxg7 Ra1 40. Rb6+ Kd5 41. Bf8 Bd3 42. b3 Ra2+ 43. Ke1 e3 44. Rd6+ 1-0

[Event "Capablanca Memorial op-B 48th"]
[Site "Havana"]
[Date "2013.04.29"]
[Round "8"]
[White "Rodriguez Rodriguez, Javier"]
[Black "Bueno Gauna, Christian Alejandro"]
[Result "1-0"]
[WhiteElo "1942"]
[BlackElo "2026"]
[PlyCount "103"]
[EventDate "2013.04.21"]
[EventType "swiss"]
[EventRounds "9"]
[EventCountry "CUB"]
[SourceTitle "CBM 154 Extra"]
[Source "ChessBase"]
[SourceDate "2013.06.25"]
[SourceVersion "2"]
[SourceVersionDate "2013.06.25"]
[SourceQuality "1"]

1. d4 d5 2. Nf3 Nc6 3. Bf4 Bg4 4. Nbd2 Nf6 5. e3 e6 6. Be2 Bd6 7. Ne5 Bxe2 8. Qxe2 0-0 9. 0-0 Qe7 10. Bg3 Nd7 11. f4 Nd8 12. Rf3 c5 13. Bh4 f6 14. Rh3 Qe8 15. Nxd7 Qxd7 16. Qg4 Qf7 17. Rf1 Qg6 18. Qd1 Rc8 19. c3 b5 20. f5 Qf7 21. Qg4 e5 22. Bg3 Nb7 23. Qh4 h6 24. Qg4 Kh7 25. dxe5 Bxe5 26. Bxe5 fxe5 27. Nf3 Qf6 28. Ng5+ Kg8 29. Ne6 Rf7 30. Qh5 Nd8 31. Rg3 Nxe6 32. Rg6 Nf4 33. exf4 Qxf5 34. Qxh6 Rc6 35. Rxg7+ Rxg7 36. Qxc6 Qe4 37. Qc8+ Kh7 38. Qh3+ Kg8 39. fxe5 Qxe5 40. Qc8+ Kh7 41. Qxc5 Qe4 42. Qf2 Qc4 43. a3 a5 44. Qf5+ Kg8 45. Qf8+ Kh7 46. Qf5+ Rg6 47. Qf7+ Rg7 48. Qh5+ Kg8 49. Re1 Qc5+ 50. Kh1 Rf7 51. Re8+ Kg7 52. Qg5+ 1-0

[Event "Capablanca Memorial op-B 45th"]
[Site "Havana"]
[Date "2011.05.13"]
[Round "3"]
[White "Hernandez Sotelo, Jose I"]
[Black "Bueno Gauna, Christian Alejandro"]
[Result "1/2-1/2"]
[WhiteElo "2140"]
[BlackElo "1983"]
[PlyCount "92"]
[EventDate "2011.05.11"]
[EventType "swiss"]
[EventRounds "7"]
[EventCountry "CUB"]
[SourceTitle "CBM 142 Extra"]
[Source "ChessBase"]
[SourceDate "2011.06.27"]
[SourceVersion "1"]
[SourceVersionDate "2011.06.27"]
[SourceQuality "1"]

1. e4 c5 2. Nf3 d6 3. d4 cxd4 4. Nxd4 Nf6 5. Nc3 a6 6. Be3 e5 7. Nb3 Be6 8. Qd2 Be7 9. 0-0-0 0-0 10. f4 Qc7 11. Rg1 a5 12. f5 Bc4 13. Bxc4 Qxc4 14. Qd3 Qc6 15. Nd2 Na6 16. Nd5 Nxd5 17. exd5 Qa4 18. Kb1 Nb4 19. Qb3 Qxb3 20. Nxb3 a4 21. Nc1 a3 22. b3 Rfc8 23. c4 Bf6 24. Nd3 Nxd3 25. Rxd3 Rab8 26. Rc1 e4 27. Rdd1 Bb2 28. Rc2 Be5 29. g3 b6 30. Re1 g6 31. Bc1 gxf5 32. Bxa3 Ra8 33. Bb4 b5 34. c5 dxc5 35. Rxc5 Rxc5 36. Bxc5 Rd8 37. Rd1 f4 38. gxf4 Bd6 39. Bxd6 Rxd6 40. Kc2 b4 41. Rd4 f5 42. Kd2 Kf7 43. Ke3 Kg6 44. Rd2 Kh5 45. h3 Kh4 46. Kd4 Kg3 1/2-1/2